Statistics for hexakosioihexekontahexahphobia

Click here to take the quiz!

General Stats

  • This quiz has been taken 7 times
  • The average score is 27 of 29

Answer Stats

HintAnswer% Correct
29a
100%
4a
100%
23a
100%
19a
100%
12e
100%
21e
100%
2e
100%
14e
100%
25h
100%
20h
100%
1h
100%
11h
100%
8i
100%
10i
100%
28i
100%
5k
100%
15k
100%
26o
100%
16o
100%
9o
100%
6o
100%
24p
100%
7s
100%
13x
100%
22x
100%
3x
100%
27b
50%
18t
50%
17n
25%

Score Distribution

Percentile by Number Answered

Percent of People with Each Score

Your Score History

You have not taken this quiz